[Event "Titled Tue 24th Jun Early"]
[Site "chess.com INT"]
[Date "2025.06.24"]
[Round "2"]
[White "Bustelo, Tabare"]
[Black "Ganichev, Alexander"]
[Result "0-1"]
[WhiteTitle "CM"]
[BlackTitle "FM"]
[WhiteElo "2043"]
[BlackElo "2241"]
[WhiteFideId "3000362"]
[BlackFideId "24143944"]
[EventDate "2025.06.24"]

1. d4 d5 2. Bg5 h6 3. Bh4 c5 4. Nf3 Qb6 5. Nbd2 cxd4 6. Nb3 Nc6 7. Nfxd4 e5 8.
Nxc6 bxc6 9. e4 Qb4+ 10. Nd2 dxe4 11. Qh5 Qxb2 12. Rd1 Nf6 13. Bxf6 gxf6 14. Bc4
Rh7 15. O-O f5 16. Rfe1 Bc5 17. Rxe4 fxe4 18. Nxe4 Be7 19. Qf3 Rg7 20. Nd6+ Kf8
21. Nxf7 Bg4 22. Qxc6 Rc8 0-1

[Event "Titled Tue 24th Jun Early"]
[Site "chess.com INT"]
[Date "2025.06.24"]
[Round "2"]
[White "Zeliantsova, Kseniya"]
[Black "Miserendino, Alfredo"]
[Result "1-0"]
[WhiteTitle "WFM"]
[WhiteElo "2062"]
[BlackElo "2032"]
[WhiteFideId "13512617"]
[BlackFideId "101800"]
[EventDate "2025.06.24"]

1. e4 c5 2. Nf3 e6 3. Nc3 Nc6 4. d4 cxd4 5. Nxd4 Bc5 6. Nb3 Bb6 7. g3 Nge7 8.
Bg2 O-O 9. O-O f5 10. Bg5 h6 11. Bxe7 Qxe7 12. exf5 Rxf5 13. Be4 Rf6 14. Qe2 d5
15. Bd3 Bd7 16. Rae1 Qf7 17. Na4 Nd4 18. Nxd4 Bxd4 19. c3 Bxa4 20. cxd4 Bd7 21.
Bb1 Rf8 22. Qd3 g5 23. Re2 a6 24. Qd2 Rf3 25. Bd3 Qh5 26. Re3 Qg4 27. Be2 Bb5
28. Bxf3 Rxf3 29. Rfe1 1-0

[Event "Titled Tue 24th Jun Early"]
[Site "chess.com INT"]
[Date "2025.06.24"]
[Round "2"]
[White "Zepeda Berlanga, Jan Enrique"]
[Black "Alvarado, Carlos"]
[Result "1-0"]
[WhiteTitle "CM"]
[BlackTitle "CM"]
[WhiteElo "1984"]
[BlackElo "2032"]
[WhiteFideId "5132355"]
[BlackFideId "3800555"]
[EventDate "2025.06.24"]

1. e4 c6 2. d4 d5 3. Nc3 dxe4 4. Nxe4 Nf6 5. Nxf6+ exf6 6. c3 Bd6 7. Bd3 O-O 8.
Ne2 Re8 9. O-O h5 10. c4 h4 11. h3 Nd7 12. Qc2 Nf8 13. c5 Bc7 14. Nc3 Qxd4 15.
Ne2 Qe5 16. Bf4 Qe7 17. Rfe1 Be6 18. Rad1 Red8 19. b4 g5 20. Bxc7 Qxc7 21. Qb2
Qe5 22. Nc3 Qf4 23. Ne4 Kg7 24. Nd6 Rxd6 25. cxd6 Qxd6 26. Bf5 Qf4 27. Bxe6 Nxe6
28. Rd7 b6 29. Rxe6 c5 30. Ree7 Rf8 31. bxc5 bxc5 32. Rxa7 Qd6 33. Qb3 c4 34.
Qe3 Qd1+ 35. Kh2 Qd6+ 36. g3 hxg3+ 37. Qxg3 Qd2 38. Qe3 Qb2 39. a4 c3 40. Rac7
c2 41. a5 Qb8 42. a6 Rc8 43. Rxf7+ Kg8 44. Rg7+ Kh8 45. Rh7+ Kg8 46. Qe6+ Kf8
47. Qf7# 1-0

[Event "Titled Tue 24th Jun Early"]
[Site "chess.com INT"]
[Date "2025.06.24"]
[Round "2"]
[White "Kononenko, Dmitry2"]
[Black "Mitrabha, Guha"]
[Result "0-1"]
[WhiteTitle "FM"]
[BlackTitle "GM"]
[WhiteElo "2205"]
[BlackElo "2515"]
[WhiteFideId "14113538"]
[BlackFideId "5057000"]
[EventDate "2025.06.24"]

1. d4 Nf6 2. c4 c5 3. Nf3 g6 4. Nc3 Bg7 5. g3 cxd4 6. Nxd4 h5 7. h4 Nc6 8. Bg2
Ng4 9. Nc2 d6 10. O-O Be6 11. Nd5 O-O 12. Rb1 Rc8 13. Nce3 Nxe3 14. Bxe3 Bf5 15.
Rc1 Bxb2 16. Qd2 Bxc1 17. Rxc1 Ne5 18. Qd4 Re8 19. Bh6 f6 20. Nf4 Kh7 21. Qd2
Ng4 22. Bg5 fxg5 23. Nh3 gxh4 24. Ng5+ Kg7 25. gxh4 Qb6 26. e3 e5 27. Bd5 Nf6
28. Bf3 Nh7 29. Rc3 Nxg5 30. hxg5 e4 31. Rb3 Qc6 32. Qd4+ Re5 33. Be2 b6 34. Rb5
Re8 35. a4 Kh7 36. Rb2 Qc5 37. Qd2 Bd7 38. a5 Rxg5+ 39. Kf1 Bh3+ 40. Ke1 Rg1+
41. Bf1 Rxf1+ 42. Ke2 Qxc4+ 0-1

[Event "Titled Tue 24th Jun Early"]
[Site "chess.com INT"]
[Date "2025.06.24"]
[Round "2"]
[White "Gattani, Sarthak"]
[Black "Evdokimov, Alexey"]
[Result "0-1"]
[BlackTitle "FM"]
[WhiteElo "1944"]
[BlackElo "2205"]
[WhiteFideId "30995965"]
[BlackFideId "24162450"]
[EventDate "2025.06.24"]

1. d4 Nf6 2. c4 g6 3. Nc3 Bg7 4. e4 d6 5. Nf3 O-O 6. Be2 c5 7. O-O cxd4 8. Nxd4
Nc6 9. Be3 Nxd4 10. Bxd4 Be6 11. b3 a5 12. Rc1 Nd7 13. Bxg7 Kxg7 14. Qd4+ Kg8
15. f4 f6 16. f5 Bf7 17. Rf3 Qb6 18. Qxb6 Nxb6 19. Nd5 Bxd5 20. exd5 Nd7 21.
fxg6 hxg6 22. Rg3 Kg7 23. Bd3 Ne5 24. a3 f5 25. Rf1 a4 26. b4 Rac8 27. Bxf5 Rxc4
28. h3 Kh6 29. Be6 Rxf1+ 30. Kxf1 Rc1+ 31. Ke2 Rc2+ 32. Ke3 Ra2 33. Ke4 Kh5 34.
Bg4+ Kh4 35. Rc3 Rxg2 36. Rc7 Nxg4 37. hxg4 Rxg4+ 38. Kf3 Rg3+ 39. Kf4 Rxa3 40.
Rxe7 g5+ 41. Kf5 Rf3+ 42. Ke4 Rf4+ 43. Ke3 Rxb4 44. Rh7+ Kg4 45. Rh6 a3 46. Kd3
a2 47. Rh1 Rb1 0-1

[Event "Titled Tue 24th Jun Early"]
[Site "chess.com INT"]
[Date "2025.06.24"]
[Round "2"]
[White "Tamer Waguih, Farid"]
[Black "Shapiro, Daniel"]
[Result "1-0"]
[WhiteTitle "FM"]
[BlackTitle "FM"]
[WhiteElo "2300"]
[BlackElo "2284"]
[WhiteFideId "10685723"]
[BlackFideId "2001780"]
[EventDate "2025.06.24"]

1. d4 Nf6 2. Nf3 d5 3. e3 g6 4. Bd3 Bg7 5. O-O O-O 6. b3 b6 7. Bb2 Bb7 8. Nbd2
Nbd7 9. c4 e6 10. Rc1 c5 11. cxd5 exd5 12. dxc5 bxc5 13. Qe2 Qb6 14. Rfd1 Rfe8
15. Nb1 Rad8 16. Nc3 Ne4 17. Na4 Qa5 18. Bxg7 Kxg7 19. Qb2+ f6 20. Bxe4 dxe4 21.
Nd2 Kf7 22. Nc4 Qc7 23. Nd6+ Ke6 24. Nxe8 Rxe8 25. Qc2 Rc8 26. Qc4+ Ke7 27. b4
Ne5 28. Qxc5+ Qxc5 29. Nxc5 Bc6 30. Nxe4 Rb8 31. Nd6 Rxb4 32. f4 Rb2 33. fxe5
Rxg2+ 34. Kf1 Bf3 35. exf6+ Kxf6 36. Rd4 g5 37. Ne4+ Kg6 38. Rd6+ Kh5 39. Ng3+ 1-0

[Event "Titled Tue 24th Jun Early"]
[Site "chess.com INT"]
[Date "2025.06.24"]
[Round "2"]
[White "Shevchenko, Yaroslav"]
[Black "Donchenko, Alexander"]
[Result "0-1"]
[BlackTitle "GM"]
[WhiteElo "2179"]
[BlackElo "2613"]
[WhiteFideId "34144684"]
[BlackFideId "24603295"]
[EventDate "2025.06.24"]

1. e4 c5 2. Nf3 d6 3. Bb5+ Nd7 4. O-O a6 5. Bxd7+ Bxd7 6. c3 Nf6 7. Re1 e6 8. d4
d5 9. exd5 Nxd5 10. c4 Nf6 11. d5 Bd6 12. Ng5 O-O 13. dxe6 Bxe6 14. Nxe6 fxe6
15. Nc3 Qc7 16. h3 Bh2+ 17. Kh1 Be5 18. Qc2 Rad8 19. Bg5 h6 20. Bxf6 Rxf6 21.
Ne4 Rf7 22. Re3 Bd4 23. Rg3 Bxf2 24. Rg6 Bd4 25. Rxe6 Rdf8 26. Qe2 Bxb2 27. Rd1
Bd4 28. Nd6 Rf2 29. Qe4 Qd7 30. Qd5 Kh8 31. Rd3 Rf1+ 32. Kh2 Bg1+ 33. Kg3 R1f6
34. Rxf6 Rxf6 35. Ne4 Qc7+ 36. Nd6 Bd4 37. Rxd4 cxd4 38. c5 b6 39. Kh4 Qxc5 40.
Nf7+ Kh7 41. Qe4+ Qf5 0-1

[Event "Titled Tue 24th Jun Early"]
[Site "chess.com INT"]
[Date "2025.06.24"]
[Round "2"]
[White "Mikhalsky, Vladimir"]
[Black "De Silva, L M S T"]
[Result "1-0"]
[BlackTitle "IM"]
[WhiteElo "2219"]
[BlackElo "2390"]
[WhiteFideId "14144352"]
[BlackFideId "9953698"]
[EventDate "2025.06.24"]

1. c4 e5 2. Nc3 Nf6 3. g3 d5 4. cxd5 Nxd5 5. Bg2 Nb6 6. Nf3 Nc6 7. O-O Be7 8. a3
a5 9. e3 O-O 10. d4 exd4 11. Nxd4 Nxd4 12. exd4 c6 13. Na4 Nxa4 14. Qxa4 Be6 15.
Rd1 Bd5 16. Bf4 Bxg2 17. Kxg2 Qd5+ 18. Kg1 g5 19. Be3 f5 20. Rac1 f4 21. Bd2
fxg3 22. hxg3 Kg7 23. Qc4 Qf3 24. Be3 Bd6 25. d5 Bxg3 26. Qd4+ Kg8 27. dxc6 bxc6
28. Rc5 Bf4 29. Bxf4 Rxf4 30. Rxg5+ Kf7 31. Qg7+ Ke6 32. Re5# 1-0

[Event "Titled Tue 24th Jun Early"]
[Site "chess.com INT"]
[Date "2025.06.24"]
[Round "2"]
[White "Lissillour, Baptiste"]
[Black "Van Baar, Esper"]
[Result "1-0"]
[WhiteTitle "FM"]
[BlackTitle "FM"]
[WhiteElo "2312"]
[BlackElo "2232"]
[WhiteFideId "45179620"]
[BlackFideId "1049321"]
[EventDate "2025.06.24"]

1. e4 e5 2. Nf3 Nc6 3. Bb5 Nge7 4. O-O g6 5. c3 Bg7 6. d4 exd4 7. cxd4 d5 8.
exd5 Nxd5 9. Re1+ Be6 10. Bg5 Qd6 11. Nbd2 O-O 12. Ne4 Qb4 13. Bxc6 bxc6 14. Ne5
Qxb2 15. Nc5 Bf5 16. Nxc6 Rfe8 17. Qf3 Nb4 18. Ne7+ Kh8 19. Nxf5 gxf5 20. Qxf5
Bxd4 21. Ne4 Nc2 22. Nf6 Bxf2+ 23. Qxf2 Rxe1+ 24. Rxe1 1-0

[Event "Titled Tue 24th Jun Early"]
[Site "chess.com INT"]
[Date "2025.06.24"]
[Round "2"]
[White "Vinolas Anglada, Laura"]
[Black "Cherukuri, Nitesh"]
[Result "0-1"]
[WhiteTitle "WCM"]
[BlackTitle "CM"]
[WhiteElo "2059"]
[BlackElo "2171"]
[WhiteFideId "24517925"]
[BlackFideId "30978688"]
[EventDate "2025.06.24"]

1. e4 g6 2. d4 Bg7 3. Nc3 d6 4. Be3 Nf6 5. Qd2 Ng4 6. Bg5 h6 7. Bh4 Nc6 8. h3
Nf6 9. O-O-O g5 10. Bg3 Nh5 11. Bh2 Nxd4 12. g4 Nf4 13. Bxf4 gxf4 14. Qxf4 e5
15. Qg3 Bf6 16. Kb1 Be6 17. Nd5 Bxd5 18. exd5 Bh4 19. Qe3 Qf6 20. Rh2 Bg5 21.
Qe1 a6 22. Rxd4 O-O 23. Re4 c6 24. Bc4 b5 25. Bb3 cxd5 26. Bxd5 Rac8 27. Ne2 Rc5
28. Bb3 d5 29. Re3 Bxe3 30. fxe3 Rfc8 31. Ng3 Qf3 32. Nh5 d4 33. exd4 exd4 34.
Rf2 Re5 35. Qf1 Rce8 36. a3 Re1+ 37. Qxe1 Rxe1+ 38. Ka2 Qxf2 0-1

[Event "Titled Tue 24th Jun Early"]
[Site "chess.com INT"]
[Date "2025.06.24"]
[Round "2"]
[White "Ben Ari, Yannay"]
[Black "Dobre, Claudiu-Cristian"]
[Result "1-0"]
[WhiteTitle "IM"]
[BlackTitle "IM"]
[WhiteElo "2450"]
[BlackElo "2287"]
[WhiteFideId "2815222"]
[BlackFideId "1211854"]
[EventDate "2025.06.24"]

1. a3 g6 2. e4 e5 3. d4 exd4 4. Qxd4 Qf6 5. Qe3 Nc6 6. Nc3 Nge7 7. f4 Nd4 8. Bd3
d6 9. Bd2 Bg7 10. O-O-O Bg4 11. Re1 O-O-O 12. h3 Bd7 13. g4 h6 14. Qg3 Bc6 15.
h4 h5 16. g5 Qe6 17. f5 Qe5 18. Bf4 Qc5 19. f6 Nef5 20. exf5 Bxf6 21. gxf6 Bxh1
22. fxg6 Bc6 23. g7 Rhg8 24. Bh7 Bd7 25. Qg5 Qc6 26. Bxg8 Rxg8 27. Qd5 Qb6 28.
Be3 c5 29. Bxd4 cxd4 30. Qxf7 Qd8 31. Nd5 Bc6 32. Qxg8 1-0

[Event "Titled Tue 24th Jun Early"]
[Site "chess.com INT"]
[Date "2025.06.24"]
[Round "2"]
[White "Odabasi, Ruzgar"]
[Black "Gustafsson, Jan"]
[Result "1-0"]
[WhiteTitle "CM"]
[BlackTitle "GM"]
[WhiteElo "2170"]
[BlackElo "2591"]
[WhiteFideId "51604787"]
[BlackFideId "4625498"]
[EventDate "2025.06.24"]

1. g3 d5 2. Bg2 e5 3. d3 Nf6 4. Nf3 Bd6 5. O-O O-O 6. c4 c6 7. Bg5 Nbd7 8. Nc3
h6 9. Bxf6 Nxf6 10. cxd5 cxd5 11. Nd2 Be6 12. Rc1 Rc8 13. e4 d4 14. Nd5 Rxc1 15.
Qxc1 Bxd5 16. exd5 Qd7 17. Qb1 Bb4 18. Nc4 Re8 19. a3 Bd6 20. Rc1 Bb8 21. d6
Bxd6 22. Nxd6 Qxd6 23. Bxb7 Rb8 24. Bg2 Qb6 25. b4 a5 26. b5 a4 27. Qb4 g6 28.
Rc6 Qd8 29. Qxa4 Kg7 30. Qc4 Nd7 31. Rc7 Qe7 32. Bc6 Rd8 33. Rxd7 Rxd7 34. Bxd7
Qxd7 35. b6 Qb7 36. Qc7 Qf3 37. Qxe5+ Kh7 38. Qe4 Qd1+ 39. Kg2 Qb3 40. b7 h5 41.
Qc6 h4 42. gxh4 f5 43. Qc7+ Kh6 44. b8=Q Qd5+ 45. Kg1 1-0

[Event "Titled Tue 24th Jun Early"]
[Site "chess.com INT"]
[Date "2025.06.24"]
[Round "2"]
[White "Toktomushev, Teimur"]
[Black "Lesueur, Gabriel"]
[Result "1-0"]
[WhiteTitle "FM"]
[BlackTitle "FM"]
[WhiteElo "2390"]
[BlackElo "2278"]
[WhiteFideId "14176726"]
[BlackFideId "45186359"]
[EventDate "2025.06.24"]

1. d4 Nf6 2. c4 e6 3. Nf3 Bb4+ 4. Bd2 Bxd2+ 5. Qxd2 O-O 6. Nc3 d6 7. e4 Nc6 8.
Be2 e5 9. d5 Ne7 10. O-O Nd7 11. Ne1 f5 12. f3 Nf6 13. Nd3 Ng6 14. b4 a5 15. a3
Nh5 16. Rfc1 Nhf4 17. Nxf4 Nxf4 18. Bf1 Qg5 19. Kh1 Qh5 20. Nb5 fxe4 21. fxe4
Rf7 22. c5 Bg4 23. cxd6 Raf8 24. dxc7 Qg6 25. Na7 Nh3 26. Rc2 1-0

[Event "Titled Tue 24th Jun Early"]
[Site "chess.com INT"]
[Date "2025.06.24"]
[Round "2"]
[White "Kacharava, Nikolozi"]
[Black "Goncharov, Vladimir"]
[Result "1-0"]
[WhiteTitle "GM"]
[WhiteElo "2524"]
[BlackElo "2077"]
[WhiteFideId "13611860"]
[BlackFideId "34162256"]
[EventDate "2025.06.24"]

1. e4 e6 2. d4 d5 3. Nc3 Bb4 4. e5 c5 5. a3 Ba5 6. b4 cxd4 7. Qg4 Kf8 8. Nb5 Bc7
9. Qxd4 Ne7 10. Nf3 Nbc6 11. Qe3 Bb8 12. Bd3 Ng6 13. Bb2 a6 14. Nd6 Bxd6 15.
exd6 Qxd6 16. O-O f6 17. c4 dxc4 18. Bxc4 Kf7 19. Rad1 Qc7 20. Rfe1 Re8 21. h4
Qf4 22. Qb3 Nxh4 23. Nxh4 Qxh4 24. Rd6 Qf4 25. Red1 Kg8 26. Bxe6+ Bxe6 27. Rxe6
Rxe6 28. Qxe6+ Kh8 29. Rd7 Ne5 30. Bxe5 fxe5 31. Rf7 Qc1+ 32. Kh2 Qh6+ 33. Qxh6
gxh6 34. Rxb7 Rc8 35. a4 Rc6 36. a5 Kg8 37. Kg3 Rc4 38. b5 axb5 39. a6 1-0

[Event "Titled Tue 24th Jun Early"]
[Site "chess.com INT"]
[Date "2025.06.24"]
[Round "2"]
[White "Elsness, Frode"]
[Black "Nakonechnyi, Oleksii"]
[Result "0-1"]
[WhiteTitle "IM"]
[BlackTitle "CM"]
[WhiteElo "2416"]
[BlackElo "2222"]
[WhiteFideId "1501100"]
[BlackFideId "34173714"]
[EventDate "2025.06.24"]

1. e4 c5 2. Nf3 d6 3. d4 cxd4 4. Nxd4 Nf6 5. Nc3 a6 6. Be3 e6 7. Be2 Be7 8. g4
O-O 9. Qd2 b5 10. a3 Bb7 11. f3 Nbd7 12. O-O-O Rc8 13. h4 Ne5 14. h5 Nc4 15.
Bxc4 Rxc4 16. g5 Nd7 17. g6 Bf6 18. h6 fxg6 19. hxg7 Bxg7 20. Nxe6 Bxc3 21. Qxd6
Qf6 22. Nxf8 Nxf8 23. bxc3 Qxc3 24. Qd3 Qa1+ 25. Kd2 Qe5 26. Qb3 Ne6 27. Kc1
Qa1+ 28. Kd2 Qf6 29. Ke2 Bc6 30. Rd6 Qe5 31. Rhd1 Qh2+ 32. Ke1 Qh1+ 33. Ke2 Qg2+
34. Bf2 Qh3 35. Qd3 Nf4+ 0-1

[Event "Titled Tue 24th Jun Early"]
[Site "chess.com INT"]
[Date "2025.06.24"]
[Round "2"]
[White "Willim, Michael"]
[Black "Blackburn, Jonathan L B"]
[Result "1-0"]
[WhiteTitle "CM"]
[BlackTitle "FM"]
[WhiteElo "2024"]
[BlackElo "2207"]
[WhiteFideId "4632435"]
[BlackFideId "1801090"]
[EventDate "2025.06.24"]

1. c4 c5 2. Nf3 Nc6 3. g3 g6 4. Bg2 Bg7 5. O-O d6 6. Nc3 Nh6 7. a3 O-O 8. Rb1
Nf5 9. b4 Rb8 10. e3 e5 11. Nd5 Nfe7 12. d3 Nxd5 13. cxd5 Ne7 14. Nd2 cxb4 15.
Rxb4 Bf5 16. e4 Bd7 17. a4 a5 18. Rb1 b5 19. axb5 Bxb5 20. Nc4 Bxc4 21. Rxb8
Qxb8 22. dxc4 Qb4 23. Bd2 Qxc4 24. Bxa5 Ra8 25. Bb6 f5 26. Qc1 Qa6 27. Be3 Kf7
28. Qc7 Rc8 29. Qd7 Rc2 30. Rb1 Bf6 31. h3 Qc8 32. Qa7 Rc4 33. Rb7 fxe4 34. h4
Qg4 35. Kh2 Rc2 36. Bh3 Qf3 37. Be6+ Kf8 38. Bh6+ Bg7 39. Bxg7+ Kxg7 40. Rxe7+
Kf6 41. Rf7# 1-0

[Event "Titled Tue 24th Jun Early"]
[Site "chess.com INT"]
[Date "2025.06.24"]
[Round "2"]
[White "Borges, Wagner da Silva"]
[Black "Navarro Lopez-Menchero, Daniel"]
[Result "0-1"]
[WhiteTitle "CM"]
[BlackTitle "FM"]
[WhiteElo "2062"]
[BlackElo "2240"]
[WhiteFideId "2100401"]
[BlackFideId "2297370"]
[EventDate "2025.06.24"]

1. e4 c5 2. Nf3 d6 3. d4 cxd4 4. Nxd4 Nf6 5. Nc3 a6 6. Bg5 Nbd7 7. f4 e5 8. fxe5
dxe5 9. Nf5 Qb6 10. Qd2 Qxb2 11. Rb1 Qa3 12. Rb3 Qa5 13. Nd6+ Bxd6 14. Qxd6 Qc5
15. Qd3 O-O 16. Be3 Qa5 17. Be2 b5 18. O-O Bb7 19. Nd5 Bxd5 20. exd5 Rac8 21.
Bg5 Nc5 22. Qf5 Nxd5 23. Rg3 Ne6 24. Bd3 g6 25. Qxe5 Nxg5 26. Qxd5 Ne6 27. h4
Qb6+ 28. Kh1 Qd4 29. Qxd4 Nxd4 30. h5 Nxc2 31. hxg6 hxg6 32. Rf4 Kg7 33. Rgf3
Ne1 34. Re3 Nxd3 35. Rxd3 Rc2 36. a4 Rb2 37. Rd6 b4 0-1

[Event "Titled Tue 24th Jun Early"]
[Site "chess.com INT"]
[Date "2025.06.24"]
[Round "2"]
[White "Howell, David W L"]
[Black "Stepanencu, Nicodim-Cosmin"]
[Result "1-0"]
[WhiteTitle "GM"]
[BlackTitle "FM"]
[WhiteElo "2668"]
[BlackElo "2318"]
[WhiteFideId "410608"]
[BlackFideId "1256220"]
[EventDate "2025.06.24"]

1. e4 c5 2. Nf3 d6 3. Bc4 Nf6 4. d3 e6 5. Bb3 Be7 6. O-O O-O 7. Re1 Nc6 8. c3 b5
9. Nbd2 b4 10. Nf1 a5 11. Ng3 a4 12. Bxa4 Bd7 13. Bb3 Qa5 14. Bd2 Rfb8 15. cxb4
cxb4 16. d4 Bf8 17. Bg5 Ne8 18. d5 Nd8 19. Nd4 e5 20. Bxd8 Qxd8 21. Nc6 Bxc6 22.
dxc6 Nc7 23. Nf5 Ra6 24. Rc1 Rbb6 25. Qf3 Qf6 26. Bd5 Kh8 27. Qb3 g6 28. Ne3 Bh6
29. Ng4 Qg5 30. Nxh6 Qxh6 31. Bxf7 Rxc6 32. Rxc6 Rxc6 33. Qxb4 Qf8 34. Bb3 Rc5
35. g3 Kg7 36. h4 Qe7 37. Rd1 1-0

[Event "Titled Tue 24th Jun Early"]
[Site "chess.com INT"]
[Date "2025.06.24"]
[Round "2"]
[White "Biastoch, Bennet"]
[Black "Mayank, Chakraborty"]
[Result "0-1"]
[WhiteTitle "FM"]
[BlackTitle "IM"]
[WhiteElo "2293"]
[BlackElo "2457"]
[WhiteFideId "12939889"]
[BlackFideId "25659766"]
[EventDate "2025.06.24"]

1. e4 e5 2. Nf3 Nc6 3. Bc4 Nf6 4. d3 Bc5 5. Nc3 h6 6. O-O d6 7. Na4 Bb6 8. a3
O-O 9. h3 Be6 10. Bxe6 fxe6 11. c3 Qe8 12. Nxb6 axb6 13. Re1 Rd8 14. b4 Nh5 15.
Ra2 Nf4 16. Bxf4 Rxf4 17. a4 Qg6 18. Re3 Rdf8 19. a5 bxa5 20. bxa5 Kh8 21. a6
bxa6 22. Rxa6 Ne7 23. Ra7 Rc8 24. Qa4 Qf6 25. Qd7 Rb8 26. Rxc7 Rb1+ 27. Kh2 Ng6
28. Qxd6 Rf1 29. Rc8+ Kh7 30. Qd8 Qxd8 31. Rxd8 Rxf2 32. Kg3 Rc2 33. d4 Rf7 34.
d5 Nf4 35. Ne1 Rd2 36. c4 Rf6 37. d6 Rg6+ 38. Kf3 Nxg2 39. c5 Nh4# 0-1

[Event "Titled Tue 24th Jun Early"]
[Site "chess.com INT"]
[Date "2025.06.24"]
[Round "2"]
[White "Przybylski, Bartosz"]
[Black "Cahaya, Satria Duta"]
[Result "0-1"]
[WhiteTitle "CM"]
[BlackTitle "FM"]
[WhiteElo "2101"]
[BlackElo "2386"]
[WhiteFideId "21878323"]
[BlackFideId "7124252"]
[EventDate "2025.06.24"]

1. e4 e5 2. Bc4 Bc5 3. Nc3 d6 4. d3 Be6 5. Qf3 Nc6 6. Nge2 Nb4 7. Bxe6 fxe6 8.
Kd1 Nf6 9. Bg5 O-O 10. Qh3 Qd7 11. f4 h6 12. Bxf6 Rxf6 13. fxe5 dxe5 14. a3 Nc6
15. Kd2 Raf8 16. b4 Bb6 17. Nd5 Rf2 18. Nxb6 cxb6 19. c3 a5 20. b5 Na7 21. a4
Nc8 22. Qg3 Nd6 23. Ke3 Qc7 24. Qxf2 Nc4+ 25. dxc4 Qc5+ 26. Nd4 exd4+ 27. cxd4
Qg5+ 28. Ke2 Rxf2+ 29. Kxf2 Qf4+ 30. Ke2 Qxe4+ 31. Kf2 Qxd4+ 32. Kg3 Qe3+ 33.
Kh4 g5+ 34. Kh5 Kg7 35. g3 Qf3+ 0-1

[Event "Titled Tue 24th Jun Early"]
[Site "chess.com INT"]
[Date "2025.06.24"]
[Round "2"]
[White "Iskusnyh, Sergei"]
[Black "Pavlidou, Ekaterini"]
[Result "1/2-1/2"]
[WhiteTitle "GM"]
[BlackTitle "WIM"]
[WhiteElo "2440"]
[BlackElo "2198"]
[WhiteFideId "4120027"]
[BlackFideId "4213262"]
[EventDate "2025.06.24"]

1. d4 Nf6 2. c4 c5 3. d5 b5 4. cxb5 a6 5. e3 g6 6. Nc3 Bg7 7. a4 axb5 8. Bxb5
Kf8 9. Nf3 d6 10. h3 Ba6 11. O-O Bxb5 12. Nxb5 Na6 13. Re1 Nc7 14. Nxc7 Qxc7 15.
e4 Nd7 16. Qc2 h6 17. Bd2 Bf6 18. Bc3 Kg7 19. Bxf6+ exf6 20. Nd4 Rhc8 21. Nb5
Qb6 22. Kh1 c4 23. f4 Nc5 24. e5 dxe5 25. fxe5 Nd3 26. exf6+ Qxf6 27. Re2 Re8
28. Rxe8 Rxe8 29. Qxc4 Nf2+ 30. Kg1 Nxh3+ 31. gxh3 Qg5+ 32. Qg4 Qe3+ 33. Kh1 Re4
34. Qg2 Rh4 35. Kh2 Qe5+ 36. Kg1 Rh5 37. Kh1 Rg5 38. Qf2 Qxd5+ 39. Kh2 Qe5+ 40.
Kh1 Qd5+ 41. Kh2 Qe5+ 42. Kh1 Qd5+ 1/2-1/2

[Event "Titled Tue 24th Jun Early"]
[Site "chess.com INT"]
[Date "2025.06.24"]
[Round "2"]
[White "Gubajdullin, Alexei"]
[Black "Molina, Roberto Junio Brito"]
[Result "1-0"]
[WhiteTitle "FM"]
[BlackTitle "IM"]
[WhiteElo "2233"]
[BlackElo "2381"]
[WhiteFideId "4141202"]
[BlackFideId "2109450"]
[EventDate "2025.06.24"]

1. Nf3 d5 2. g4 Bxg4 3. Bg2 Nc6 4. c4 d4 5. b4 d3 6. b5 dxe2 7. Qa4 Bxf3 8. Bxf3
Nd4 9. Bxb7 Rb8 10. b6+ c6 11. bxa7 Rxb7 12. a8=Q Rb8 13. Q8a7 e5 14. Nc3 Nf6
15. Nxe2 Rb4 16. Q4a5 Qxa5 17. Qxa5 Nc2+ 18. Kd1 Nxa1 19. Qxe5+ Be7 20. Ba3 Rb1+
21. Nc1 O-O 22. Bxe7 Re8 23. Re1 Rb7 24. Qc5 Ng4 25. f3 Nh6 26. Bg5 Rxe1+ 27.
Kxe1 Rb1 28. Kd1 f6 29. Bxh6 gxh6 30. Qxc6 Kg7 31. Qe4 Rb2 32. Qd4 Rb1 33. Qd3
Rb2 34. Qc3 Rb1 35. c5 Kf7 36. c6 1-0

[Event "Titled Tue 24th Jun Early"]
[Site "chess.com INT"]
[Date "2025.06.24"]
[Round "2"]
[White "Roebers, Eline"]
[Black "Silva Lucena, Cristian"]
[Result "0-1"]
[WhiteTitle "IM"]
[BlackTitle "FM"]
[WhiteElo "2356"]
[BlackElo "2243"]
[WhiteFideId "1058401"]
[BlackFideId "2232588"]
[EventDate "2025.06.24"]

1. e4 c5 2. Nf3 d6 3. d4 cxd4 4. Nxd4 Nf6 5. Nc3 e6 6. a3 a6 7. g4 h6 8. h4 Nc6
9. Rg1 d5 10. exd5 Nxd5 11. Nxd5 exd5 12. Be3 Qxh4 13. Qf3 Nxd4 14. Bxd4 Qe7+
15. Kd2 Be6 16. Re1 O-O-O 17. Be5 Qd7 18. Qc3+ Qc6 19. Qxc6+ bxc6 20. Bxa6+ Kd7
21. f4 f6 22. Bc3 Bd6 23. f5 Bf4+ 24. Kd3 Bf7 25. Rgf1 Bg3 26. Re3 Bd6 27. Kd2
Rde8 28. Be2 Bc5 29. Rd3 Re7 30. Bf3 Rhe8 31. b4 Be3+ 32. Kd1 Bg5 33. Bd2 Bxd2
34. Kxd2 Kc7 35. a4 Re5 36. a5 h5 37. Rh1 hxg4 38. Bxg4 Re4 39. Bh5 Bxh5 40.
Rxh5 Rxb4 41. Rg3 Re7 42. Rh7 Ra4 43. Rgxg7 Rxg7 44. Rxg7+ Kd6 45. Rf7 Ke5 46.
Ra7 Kxf5 47. Ra8 c5 48. a6 Ke5 49. a7 Kd4 50. Rf8 Rxa7 51. Rxf6 Rh7 52. Rf4+ Ke5
53. Rg4 Rh3 54. Rg5+ Kd6 55. Kc1 Kc6 56. Kb2 d4 57. Rf5 Kb5 58. Rg5 Kb4 59. Rd5
Rh2 60. Kc1 c4 61. Rxd4 Kc3 62. Rg4 Rh1+ 63. Rg1 Rxg1# 0-1